000 01023nam a22003017i 4500
003 EG-GICUC
005 20260401134056.0
008 260401s1932 fr ||||fr|||| 000 0 fre d
040 _aEG-GiCUC
_bfre
_cEG-GiCUC
_dEG-GiCUC
_eRda
041 _afre
_hfre
082 0 4 _221
_a338.4
_bSI . F
092 0 4 _221
099 _aLaw 13 338.4 SI . F 1932
100 1 _aSimiand, François
_eAuteur
245 1 3 _aLes fluctuations économiques à longue période et la crise mondiale /
_cPar François Simiand.
264 1 _aParis;
_bLibrairie Félix Alcan,
_c1932.
300 _a135 page :
_billustration ;
_c 24 cm.
336 _2rda contenu
_a texte
337 _2rda medias
_aOrdinateur
338 _2 transporteur rda
_a Ressource en ligne
504 _aBibliography: pages 200-250. 240-220
546 _aTexte en français
650 1 _aFinances publiques et législation fiscale
_2qrmak
651 1 _2qrmak
856 4 0 _uhttps://fll.law.cu.edu.eg/fulltext/bks/B13-01005.pdf
905 _a31
942 _2ddc
_cBK
_e21
_n0
999 _c68104
_d68104